Tribunales para niños

Tallennettuna:
Bibliografiset tiedot
Päätekijä: Amunátegui Jordán, Gabriel (Tekijä)
Aineistotyyppi: Kirja
Kieli:espanja
Julkaistu: Santiago Imprenta Cervantes 1920
Painos:1a. ed
Aiheet:
Tagit: Lisää tagi
Ei tageja, Lisää ensimmäinen tagi!

MARC

LEADER 00000nam a2200000 a 4500
001 UCJ5078
003 CL-VaPUC
008 070124e19200000CL |||||||||||||||||spa|d
082 0 4 |a 340  |b AMU  |2 21 
100 0 |a Amunátegui Jordán, Gabriel  |e author  |9 509837 
245 1 0 |a Tribunales para niños 
250 |a 1a. ed 
300 |a 143 p 
942 |c BK 
945 |d 20070124 00:00:00  |a rinostro 
260 |a Santiago  |b Imprenta Cervantes  |c 1920 
650 0 |a Derecho civil  |9 255013 
650 0 |a Delincuencia juvenil  |9 311188 
650 0 |a Niños  |9 255605 
650 0 |a Derecho comparado  |9 255664 
583 |a last modification  |c 20070124 00:00:00  |k Rodrigo Vera 
999 |c 321191  |d 321189 
952 |0 0  |1 0  |4 0  |6 340_000000000000000_AMU_1920  |7 0  |8 X  |9 399877  |a FDOBUD  |b FDOBUD  |d 2019-11-22  |i 1029738  |o 340 AMU 1920  |p 1029738  |r 2019-11-22  |w 2019-11-22  |y BK_X  |k BUD